| 000 | 00673nam a22002292 4500 | ||
|---|---|---|---|
| 001 | 0000003862 | ||
| 005 | 20151217145741.0 | ||
| 008 | 070515s xx 000 0 eng d | ||
| 020 | _a0333794443 : | ||
| 040 |
_aKABU _cKABU |
||
| 050 | 0 |
_aQA37.2 _b.G55 2002 |
|
| 100 | 1 |
_aGilbert, John. _@0000020867 |
|
| 245 | 1 | 0 |
_aGuide to mathematical methods / _cJohn Gilbert and Camilla Jordan. |
| 250 | _a2nd ed. | ||
| 260 |
_aBasingstoke, England : _bPalgrave Macmillan, _c2002. |
||
| 300 | _a p. | ||
| 650 | 0 |
_aMathematics. _@0000148159 |
|
| 700 | 1 |
_aJordan, Camilla. _@0000154067 |
|
| 908 | _a070515 | ||
| 950 | _@1 | ||
| 999 |
_c2256 _d2256 |
||